The measurement of environmental and resource values : theory and methods /

Bibliografiska uppgifter
Huvudupphovsman: Freeman, A. Myrick, 1936-
Materialtyp: Bok
Språk:English
Publicerad: Washington, DC : Resources for the Future, c2003.
Upplaga:Second edition.
Ämnen:
Classic Catalogue: View this record in Classic Catalogue
LEADER 02136nam a2200313 a 4500
001 0020888
003 BD-DhAAL
008 100905s2003 dcua b 001 0 eng d
010 |a  2002155435 
020 |a 1891853635 (hardcover : alk. paper) 
020 |a 1891853627 (pbk. : alk. paper) 
040 |a DLC  |c DLC  |d DLC  |d BD-DhAAL 
082 0 0 |a 333.7  |2 21 
100 1 |a Freeman, A. Myrick,  |d 1936-  |9 59219 
245 1 4 |a The measurement of environmental and resource values :  |b theory and methods /  |c A. Myrick Freeman III. 
250 |a Second edition. 
260 |a Washington, DC :  |b Resources for the Future,  |c c2003. 
300 |a xviii, 491 p. :  |b ill. ;  |c 24 cm 
504 |a Includes bibliographical references and index. 
505 0 |a Resource evaluation and public policy -- Measuring values, benefits, and costs : an overview -- Defining and measuring welfare changes : basic theory -- Revealed preference models of valuation : basic theory -- Nonuse values -- Stated preference methods for valuation -- Aggregation of values across time -- Values in an uncertain world -- Environmental quality as a factor input -- Valuing longevity and health -- Property value models -- Hedonic wage models -- Recreational uses of natural resource systems -- Conclusions. 
526 |a ESS  |x Fahim Subhan Chowdhury Research Associate Department of Economics and Social Sciences (ESS) BRAC University  
541 1 |a Trim Education  |e 0020888, 0021416 
650 0 |a Environmental policy  |x Cost effectiveness.  |9 59220 
650 0 |a Environmental policy  |x Evaluation.  |9 59221 
852 4 |a Ayesha Abed Library   |c General Stacks 
942 |2 ddc  |c BK 
999 |c 9468  |d 9468 
952 |0 0  |1 0  |2 ddc  |4 0  |6 333_700000000000000_FRE_2003  |7 0  |9 11843  |a BRACUL  |b BRACUL  |c GEN  |d 2010-09-15  |l 1  |m 1  |o 333.7 FRE  |p 3010020888  |r 2017-05-02  |s 2016-08-08  |t 1  |w 2010-09-15  |y BK 
952 |0 0  |1 0  |2 ddc  |4 0  |6 333_700000000000000_FRE_2003  |7 0  |9 12618  |a BRACUL  |b BRACUL  |c GEN  |d 2010-10-21  |e Trim Education  |g 14290.00  |l 0  |o 333.7 FRE  |p 3010021416  |r 2010-10-21  |t 2  |v 28580.00  |w 2010-10-21  |y BK  |x Requisitioned by Fahim Subhan Chowdhury, Research Associate, Department of Economics and Social Sciences (ESS), BRAC University.